Etica nicomaquea
Gespeichert in:
| 1. Verfasser: | |
|---|---|
| Weitere Verfasser: | |
| Format: | Buch |
| Sprache: | Spanisch |
| Veröffentlicht: |
Ciudad de México
Porrua
1979
|
| Ausgabe: | 8a. ed |
| Schlagworte: | |
| Tags: |
Tag hinzufügen
Keine Tags, Fügen Sie den ersten Tag hinzu!
|
MARC
| LEADER | 00000nam a2200000 a 4500 | ||
|---|---|---|---|
| 001 | UCY4755 | ||
| 003 | CL-VaPUC | ||
| 005 | 20241127085250.0 | ||
| 008 | 950328e19790000MX |||||||||||||||||spa|d | ||
| 999 | |c 232523 |d 232521 | ||
| 040 | |c Pontificia Universidad Católica de Valparaíso | ||
| 082 | 0 | 4 | |a 185 |b ARI |2 21 |
| 100 | |a Aristóteles, |d 384 a.C.- 322 a.C. |e author |9 194 | ||
| 245 | 1 | 0 | |a Etica nicomaquea |
| 246 | 1 | 0 | |a Política |
| 250 | |a 8a. ed | ||
| 260 | |a Ciudad de México |b Porrua |c 1979 | ||
| 300 | |a 319 p | ||
| 583 | |a last modification |c 19950328 00:00:00 |k Rodrigo Vera | ||
| 650 | 0 | |a Ética |9 255099 | |
| 650 | 0 | |a Política |9 255312 | |
| 700 | 1 | |a Gómez Robledo, Antonio |e traductor |9 863946 | |
| 942 | |c BK |2 ddc | ||
| 945 | |d 19950328 00:00:00 |a aalvarez | ||
| 952 | |0 0 |1 0 |4 0 |6 185_000000000000000_ARI_1979 |7 0 |8 R |9 237185 |a BIBEDU |b BIBEDU |c MCIRC |d 2019-11-15 |i 3070530 |l 1 |o 185 ARI 1979 |p 3070530 |r 2023-05-04 |s 2023-05-04 |w 2019-11-15 |y BK_R |k FIL | ||